00487 a2200181 450000100060000002000150000604000370002110000230005824000270008124500220010830000110013036200090014144000120015065000310016294200070019395200880020099900170028871630 a8508036221 cAnchieta - Colégio São Paulo aJunqueira, Sônia10aO menino e o murolpor10aO menino e o muro a[24p.]0 a2004 1aÁtica 4aLiteratura infanto-juvenil cBK 00104070a88.1b88.1d2023-11-22l0p790/CSPr2023-11-22 14:27:51w2023-11-22yBK c71630d71630